000 00441nam a2200169Ia 4500
001 61203
008 170105n ii |||gr||||Z||||||465
082 _a533.5
100 _aPodonly, R.,
_eAuthor.,
245 0 _aSomething called nothing physical vacuum
_cby R. Podonly
_hTextual Documents
260 _aMoscow
_bMir Publishers
300 _a214p:
_c19cm.
653 _aPhysics
653 _aVacuum
653 _aG-Physics
942 _2ddc
_cBK
999 _c62314
_d62314